| 000 | 00430nam a2200121Ia 4500 | ||
|---|---|---|---|
| 008 | 220620s9999||||xx |||||||||||||| ||und|| | ||
| 245 | 0 | _aNational Stereotyping, Identity Politics, European Crises (Volume 27) | |
| 546 | _aEnglish[eng] | ||
| 650 | _aSocial Science||Sociology | ||
| 700 | _aLeerssen, Joep||Barkhoff, Jürgen | ||
| 856 | _uhttps://library.oapen.org/bitstream/20.500.12657/51052/1/external_content.pdf | ||
| 942 | _cEB | ||
| 999 |
_c33575 _d33575 |
||